000 00351nam a2200157Ia 4500
008 221030s9999 xx 000 0 und d
020 _a0140284648
041 _aEnglish
082 _a105.23
_bWod
100 _aP. G. Wodehouse
245 0 _aGalahad at Blandings
260 _bPenguin books
_c1965
300 _a205
650 _aGeneral
942 _cBK
999 _c336
_d336